000 00372pam a2200145a 44500
008 230405s xxu||||| |||| 00| 0 eng d
041 _aENG
100 _aSETHI P.D.
245 _aHPTLC HIGH PERFORMANCE THIN LAYER CHROMOTOGRAPHY
250 _a1 1996
260 _aNEW DELHI
_bCBS PUBLISHERS DELHI
_c
300 _a459
650 _aPHARMACEUTICAL CHEMISTRY
906 _a907
999 _c276178
_d276178